| 000 | 00484nam a2200169Ia 4500 | ||
|---|---|---|---|
| 008 | 230718s9999 xx 000 0 und d | ||
| 020 | _a9788174090782 | ||
| 041 | _aeng | ||
| 082 |
_a658.2 _bBAN |
||
| 100 |
_aBanga T.R. _9146067 |
||
| 245 | _aIndustrial Organisation And Engineering Economics | ||
| 260 |
_c2006 _bKhanna Publisher |
||
| 300 | _a1364 | ||
| 365 |
_cRs. _b499.00 |
||
| 700 | _aBanga T.R. & Sharma S.C. | ||
| 906 |
_dO:0752220-Sep-2022B:IN31214-Sep-2022 _cBBB-M _b99.8 |
||
| 999 |
_c352671 _d352671 |
||